| 000 | 00637nas a22002057a 4500 | ||
|---|---|---|---|
| 005 | 20130725130551.0 | ||
| 006 | a|||||r|||| 00| 0 | ||
| 007 | ta | ||
| 008 | 130725b xxu||||| |||| 00| 0 eng d | ||
| 082 | _a891 | ||
| 245 |
_aIndian literature : _bSahitya Akademi's bi-monthly journal / _cedited by Sunil Gangopadhyay |
||
| 260 |
_aNew Delhi : _bSahitya Akademi , _c1966- |
||
| 300 |
_av. _c24 cm (Pbk) |
||
| 310 | _aBi-monthy | ||
| 362 | _aVol 54 No. 6 (260) Nov/Dec 2010 | ||
| 650 |
_aLiterature _zIndia |
||
| 700 | _aGangopadhyay, Sunil, ed. | ||
| 270 |
_bNew Delhi _e110001 |
||
| 942 |
_2ddc _cSR _h891 _mIND _s1 |
||
| 999 |
_c78057 _d78057 |
||